Simply PCs

Bibliographic Details
Main Author: Albrecht, Bob
Format: Book
Published: California : Osborne McGraw-Hill , 1992
Subjects:

MARC

LEADER 00000cam a2200000 7i4500
001 0000009974
002 000010868
005 20000330.0
020 |a 0078817412 
090 0 0 |a 004   |b ALB 
100 1 |a Albrecht, Bob 
245 1 0 |a Simply PCs   |c Bob Albrecht 
260 |a California :   |b Osborne McGraw-Hill ,   |c 1992 
300 |a 197 p. :   |b ill ;   |c 22 cm. 
650 0 0 |a Microcomputers 
999 |a 025683   |b BUKU   |c PINJAMAN   |e PERPUSTAKAAN KOMUNITI PETALING JAYA 
999 |a 053051   |b BUKU   |c PINJAMAN   |e PERPUSTAKAAN KOMUNITI PETALING JAYA